Slovar' novych inostrannych slov (s perevodom, etimologijej i tolkovanijem)

Bibliographic Details
Main Author: Komlev, Nikolaj Georgijevič (Author)
Format: Book
Language:Russian
Published: Moskva Izdatel'stvo Moskovskogo Universiteta 1995
Subjects:

MARC

LEADER 00000nam a2200000 a 4500
001 vtls001240536
003 SK-MaSNL
005 20260301112756.0
008 240314s1995 RU 0 rus
020 |a 5211031407  |c [38,00] 
035 |a SNK000187545 
040 |a SNK  |b slo  |c SNK  |e AACR2 
044 |a RU 
080 |a 808.2-316.3(038)  |2 1981 
080 |a 801.316.3=82  |2 1981 
100 1 |a Komlev, Nikolaj Georgijevič  |4 aut  |9 63114 
245 1 0 |a Slovar' novych inostrannych slov  |b (s perevodom, etimologijej i tolkovanijem)  |c N.G. Komlev 
260 |a Moskva  |b Izdatel'stvo Moskovskogo Universiteta  |c 1995 
300 |a 142 s.  |c 21 cm 
650 0 7 |a ruština  |2 SNK  |9 1346 
650 0 7 |a slová cudzie  |x slovníky ruské  |2 SNK  |9 453963 
919 |a 5-211-03140-7 
999 |c 711621  |d 713551 
952 |t P60, <04>, [BOOK], {604}  |a SNK  |b SNK  |y VYP  |7 0  |p 17A0003810  |o snkIC 125809  |i snkV 774/96  |0 0  |1 0  |4 0  |d 1996-05-08  |l 0  |r 2005-01-01 00:00:00  |w 2026-02-23